Fundamentals of Ionizing Radiation Dosimetry /

Salvato in:
Dettagli Bibliografici
Autori principali: Andreo, Pedro (Autore), Burns, David T. (Autore), Nahum, Alan E. (Autore), Seuntjens, Jan (Autore), Attix, Frank H. (Autore)
Natura: Libro
Lingua:inglese
Pubblicazione: Weinheim : Wiley-VCH, 2017
Tags: Aggiungi Tag
Nessun Tag, puoi essere il primo ad aggiungerne!!

MARC

LEADER 00000nam a22000003a 4500
001 0140624
003 SK-STU
005 20260324111051.8
007 ta
008 260324s ----xo-----e------000-0-----d
020 |a 978-3-527-40921-1 
040 |a STU  |b slo 
041 0 |a eng 
044 |a gw 
100 1 |a Andreo, Pedro  |4 aut  |r Z6 
245 1 0 |a Fundamentals of Ionizing Radiation Dosimetry /  |c aut. Pedro Andreo, David T Burns, Alan E Nahum, Jan Seuntjens, Frank H Attix 
260 |a Weinheim :  |b Wiley-VCH,  |c 2017 
300 |a 957 s. +  |b príloha 174 s. (978-3-527-34352-2) 
700 1 |a Burns, David T.  |4 aut 
700 1 |a Nahum, Alan E.  |r Z6  |4 aut 
700 1 |a Seuntjens, Jan  |r Z6  |4 aut 
700 1 |a Attix, Frank H.  |r Z6  |4 aut 
996 |b 284EK91230  |c E* E12602008  |l EE36  |s P  |a 0  |w 0140624_0001